| 000 | 01342cam a22003494a 4500 | ||
|---|---|---|---|
| 999 |
_c3543 _d3543 |
||
| 001 | 14124731 | ||
| 003 | GZU | ||
| 005 | 20201202102837.0 | ||
| 008 | 050929s2005 dcua b 001 0 eng | ||
| 010 | _a 2005044730 | ||
| 020 | _a0821361953 | ||
| 020 | _a9780821361955 | ||
| 035 | _a(OCoLC)ocm62084406 | ||
| 040 |
_aDLC _cDLC _dYDX _dBAKER _dIXA _dDLC |
||
| 042 | _apcc | ||
| 043 |
_aee----- _ae-ur--- |
||
| 050 | 0 | 0 |
_aHD 5764. _bRUT 2005 |
| 082 | 0 | 0 |
_a331.12/0420947 _222 |
| 100 | 1 |
_aRutkowski, Jan J., _d1954- |
|
| 245 | 1 | 0 |
_aEnhancing job opportunities : _bEastern Europe and the former Soviet Union / _cJan J. Rutkowski, and Stefano Scarpetta ; with arup Banerji ... [et al.]. |
| 260 |
_aWashington, DC : _bWorld Bank, _cc2005. |
||
| 300 |
_axx, 269 p. : _bill. ; _c26 cm. |
||
| 504 | _aIncludes bibliographical references (p. 243-257) and index. | ||
| 650 | 0 |
_aJob creation _zEurope, Eastern. |
|
| 650 | 0 |
_aJob creation _zFormer Soviet republics. |
|
| 650 | 0 |
_aLabor market _zEurope, Eastern. |
|
| 650 | 0 |
_aLabor market _zFormer Soviet republics. |
|
| 700 | 1 | _aScarpetta, Stefano. | |
| 906 |
_a7 _bcbc _corignew _d1 _eocip _f20 _gy-gencatlg |
||
| 942 |
_2lcc _cBK _h5764 _iRUT _kHD |
||